Cyclisme : Vainqueurs de Liège-Bastogne-Liège - Statistiques

Statistiques générales
  • Ce quiz a été pris 52 fois
    4 depuis la dernière actualisation
  • Le résultat moyen est 28 sur 113
Statistiques - réponses
Année Vainqueur % Correct
2011 Philippe Gilbert
100%
2020 Primož Roglič
100%
2022 | 2023 Remco Evenepoel
100%
2021 | 2024 | 2025 Tadej Pogačar
100%
1988 Adrie van der Poel
75%
2006 | 2008 | 2015 | 2017 Alejandro Valverde
75%
2009 Andy Schleck
75%
1977 | 1980 Bernard Hinault
75%
2018 Bob Jungels
75%
1969 | 1971 | 1972 | +2 others Eddy Merckx
75%
1999 Frank Vandenbroucke
75%
1997 | 1998 Michele Bartoli
75%
2016 Wout Poels
75%
2005 | 2010 Alexandre Vinokourov
50%
1966 Jacques Anquetil
50%
2019 Jakob Fuglsang
50%
2001 Oscar Camenzind
50%
2000 | 2002 Paolo Bettini
50%
2003 Tyler Hamilton
50%
2007 Danilo Di Luca
25%
2013 Dan Martin
25%
2004 Davide Rebellin
25%
1994 Evgueni Berzin
25%
1951 | 1952 Ferdi Kübler
25%
1995 Mauro Gianetti
25%
2012 Maxim Iglinskiy
25%
1985 | 1986 | 1987 | 1991 Moreno Argentin
25%
1961 Rik Van Looy
25%
2014 Simon Gerrans
25%
2026 Tadej Pogačar
25%
1936 Albert Beckaert
0%
1939 Albert Ritserveldt
0%
1960 Albertus Geldermans
0%
1938 Alfons Deloor
0%
1929 | 1931 | 1935 Alfons Schepers
0%
1956 | 1958 | 1959 Alfred De Bruyne
0%
1953 Alois De Hertog
0%
1908 André Trousselier
0%
1949 Camille Danguillaume
0%
1965 Carmine Preziosi
0%
1979 Dietrich Thurau
0%
1926 Dieudonné Smets
0%
1992 Dirk De Wolf
0%
1937 Éloi Meulenberg
0%
1990 Eric Van Lancker
0%
1928 Ernest Mottard
0%
1933 François Gardier
0%
1963 Frans Melckenbeeck
0%
1957 (2) Frans Schoubben
0%
1974 Georges Pintens
0%
1925 Georges Ronsse
0%
1957 (1) Germain Derycke
0%
1930 Hermann Buse
0%
1945 Jean Engels
0%
1962 Jef Planckaert
0%
1981 Josef Fuchs
0%
1976 | 1978 Joseph Bruyère
0%
1911 Joseph Van Daele
0%
1919 Léon Devos
0%
1892 | 1893 | 1894 Léon Houa
0%
1920 Léon Scieur
0%
1921 | 1922 Louis Mottiat
0%
1954 Marcel Ernzer
0%
1932 Marcel Houyoux
0%
1948 Maurice Mollin
0%
1927 Maurice Raes
0%
1913 Maurits Moritz
0%
1912 Omer Verschoore
0%
1996 Pascal Richard
0%
1946 | 1950 Prosper Depredomme
0%
1923 | 1924 René Vermandel
0%
1943 | 1947 Richard Depoorter
0%
1970 Roger De Vlaeminck
0%
1993 Rolf Sørensen
0%
1984 | 1989 Sean Kelly
0%
1982 Silvano Contini
0%
1955 Stan Ockers
0%
1983 Steven Rooks
0%
1934 Théo Herckenrath
0%
1968 Valere Van Sweevelt
0%
1909 Victor Fastre
0%
1967 Walter Godefroot
0%
1964 Willy Bocklant
0%
Aucun quiz correspondant
Distribution des résultats
% des personnes avec chaque résultat
Percentile par nombre de réponses
Votre historique - résultats
Vous n’avez pas pris ce quiz depuis la dernière actualisation